000 00842cab a2200205 4500
001 L135988
008 061221n2006 000 0 eng u
035 _a(Sirsi) u135988
041 0 _aeng
100 1 _aMitchell, Sarah
245 0 0 _aHMO selector
260 _c2006
490 0 _aRoof
_v32(1) January/December 2007, 46(1)
520 _aDiscusses the advantages selective licensing has for landlords who let their properties responsibly. For landlords who let their properties responsibly, selective licensing drives out unfair competition from bad landlords who undercut prices, and improved general management should result in neighbourhood improvements.
590 _aKA
650 2 4 _aHOUSING ACT 2004
651 4 _aEngland and Wales
_y1543-
690 _aPROPERTY-RESIDENTIAL PROPERTY-DOMESTIC RESIDENTIAL PROPERTY
942 _n0
999 _c78090
_d78090